[Event "MVP-ch Seniors op 19th"]
[Site "Ostseebad Binz"]
[Date "2019.12.02"]
[Round "6"]
[White "Thielemann, Joachim"]
[Black "Lehr, Thomas"]
[Result "1/2-1/2"]
[WhiteElo "1757"]
[BlackElo "1894"]
[PlyCount "28"]
[EventDate "2019.11.27"]
[EventType "swiss"]
[EventRounds "9"]
[EventCountry "GER"]
[SourceTitle "EXT 2021"]
[Source "ChessBase"]
[SourceDate "2020.10.23"]
[SourceVersion "1"]
[SourceVersionDate "2020.10.23"]
[SourceQuality "1"]

1. e4 d5 2. exd5 Qxd5 3. Nc3 Qd6 4. d3 Nf6 5. h3 g6 6. Nf3 Bg7 7. g3 e5 8. Bg2 0-0 9. 0-0 c6 10. Re1 Nbd7 11. Rb1 Qc7 12. Bd2 b6 13. Qc1 Bb7 14. Bh6 Rfe8 1/2-1/2

[Event "MVP-ch Seniors op 19th"]
[Site "Ostseebad Binz"]
[Date "2019.12.01"]
[Round "5"]
[White "Lehr, Thomas"]
[Black "Pruesse, Horst"]
[Result "0-1"]
[WhiteElo "1894"]
[BlackElo "2070"]
[PlyCount "46"]
[EventDate "2019.11.27"]
[EventType "swiss"]
[EventRounds "9"]
[EventCountry "GER"]
[SourceTitle "EXT 2021"]
[Source "ChessBase"]
[SourceDate "2020.10.23"]
[SourceVersion "1"]
[SourceVersionDate "2020.10.23"]
[SourceQuality "1"]

1. e4 d5 2. exd5 Nf6 3. d4 Bg4 4. f3 Bf5 5. Bb5+ Nbd7 6. c4 e6 7. dxe6 Bxe6 8. d5 Bf5 9. Ne2 Bc5 10. Nbc3 0-0 11. Bxd7 Nxd7 12. Bf4 Re8 13. Kf1 Ne5 14. Bxe5 Rxe5 15. Ng3 Qh4 16. Nce4 Bxe4 17. fxe4 f5 18. Qh5 Qxh5 19. Nxh5 fxe4 20. g4 Rf8+ 21. Ke1 Rf2 22. b3 e3 23. Ng3 Bb4+ 0-1

[Event "SVE Seniors op 2nd"]
[Site "Eidelstedt"]
[Date "2019.07.29"]
[Round "5"]
[White "Meyer, Winfried"]
[Black "Lehr, Thomas"]
[Result "1-0"]
[WhiteElo "1656"]
[BlackElo "1902"]
[PlyCount "65"]
[EventDate "2019.07.15"]
[EventType "swiss"]
[EventRounds "7"]
[EventCountry "GER"]
[SourceTitle "EXT 2020"]
[Source "ChessBase"]
[SourceDate "2019.10.17"]
[SourceVersion "1"]
[SourceVersionDate "2019.10.17"]
[SourceQuality "1"]

1. e4 d5 2. exd5 Qxd5 3. Nc3 Qd6 4. d4 Nf6 5. Nf3 c6 6. g3 Bg4 7. Bg2 e6 8. 0-0 Be7 9. h3 Bh5 10. a3 a5 11. g4 Bg6 12. Ne5 Nd5 13. Ne2 f6 14. Nxg6 hxg6 15. c4 Nc7 16. Nf4 Kf7 17. Be3 Nba6 18. Qc2 f5 19. gxf5 gxf5 20. d5 exd5 21. Qxf5+ Qf6 22. Qxf6+ Bxf6 23. cxd5 g5 24. Ne6 Nxe6 25. dxe6+ Kxe6 26. Bb6 Bxb2 27. Rfe1+ Kf6 28. Ra2 Be5 29. Rae2 Bc3 30. Re6+ Kf5 31. R1e3 Rh4 32. Re7 Rb8 33. Rxc3 1-0

[Event "GER-ch Seniors 50 31st"]
[Site "Radebeul"]
[Date "2019.05.02"]
[Round "7"]
[White "Pirrot, Dieter"]
[Black "Lehr, Thomas"]
[Result "1-0"]
[WhiteElo "2334"]
[BlackElo "1902"]
[PlyCount "107"]
[EventDate "2019.04.26"]
[EventType "swiss"]
[EventRounds "9"]
[EventCountry "GER"]
[SourceTitle "CBM 190 Extra"]
[Source "ChessBase"]
[SourceDate "2019.07.15"]
[SourceVersion "1"]
[SourceVersionDate "2019.07.15"]
[SourceQuality "1"]

1. e4 d5 2. exd5 Qxd5 3. Nf3 Bg4 4. Be2 Nc6 5. Nc3 Qd7 6. h3 Bxf3 7. Bxf3 Nf6 8. 0-0 0-0-0 9. d3 Nd4 10. Be3 e6 11. a4 a6 12. a5 Bb4 13. Bxd4 Qxd4 14. Ra4 Qd6 15. Ne2 g5 16. c3 Bc5 17. d4 Ba7 18. Ng3 h5 19. Nxh5 Nxh5 20. Bxh5 f5 21. Re1 Rh6 22. Qe2 Rf8 23. Raa1 Bb8 24. g3 c6 25. Rad1 g4 26. hxg4 f4 27. Rd3 fxg3 28. Rxg3 Qd8 29. Rg2 Qg5 30. c4 Bc7 31. b4 Rhf6 32. Qe3 Bf4 33. Qe4 Bd2 34. Re2 Bxb4 35. Qe3 Qxa5 36. c5 Qa1+ 37. Kh2 Bc3 38. Rg1 Qa5 39. g5 Rf4 40. Qxe6+ Kb8 41. Rg4 Rxf2+ 42. Rxf2 Rxf2+ 43. Kg3 Be1 44. Qe5+ Ka7 45. Kh3 Qc3+ 46. Rg3 Qd2 47. Rb3 Qf4 48. Qxf4 Rxf4 49. Bg4 Rxd4 50. g6 Rd8 51. Be6 Rh8+ 52. Kg4 Bf2 53. g7 Rd8 54. Rc3 1-0

[Event "MVP-ch Seniors op 18th"]
[Site "Ostseebad Binz"]
[Date "2018.12.05"]
[Round "8"]
[White "Lehr, Thomas"]
[Black "Krueger, Peter"]
[Result "1/2-1/2"]
[WhiteElo "1938"]
[BlackElo "1815"]
[PlyCount "28"]
[EventDate "2018.11.28"]
[EventType "swiss"]
[EventRounds "9"]
[EventCountry "GER"]
[SourceTitle "CBM 188 Extra"]
[Source "ChessBase"]
[SourceDate "2019.02.26"]
[SourceVersion "1"]
[SourceVersionDate "2019.02.26"]
[SourceQuality "1"]

1. e4 e5 2. Nf3 Nc6 3. c3 Nf6 4. d4 exd4 5. e5 Nd5 6. cxd4 Be7 7. Nc3 Nxc3 8. bxc3 b6 9. Bd3 d5 10. h3 0-0 11. 0-0 f6 12. Qc2 f5 13. a4 a6 14. Ba3 Be6 1/2-1/2

[Event "Schleswig-Holstein-ch Seniors-A"]
[Site "Bad Segeberg"]
[Date "2018.03.28"]
[Round "7"]
[White "Lehr, Thomas"]
[Black "Duerer, Manfred"]
[Result "1/2-1/2"]
[WhiteElo "1910"]
[BlackElo "1965"]
[PlyCount "38"]
[EventDate "2018.03.24"]
[EventType "swiss"]
[EventRounds "9"]
[EventCountry "GER"]
[SourceTitle "EXT 2023"]
[Source "ChessBase"]
[SourceDate "2022.10.05"]
[SourceVersion "1"]
[SourceVersionDate "2022.10.05"]
[SourceQuality "1"]

1. e4 e5 2. Nf3 Nf6 3. Nxe5 d6 4. Nf3 Nxe4 5. Nc3 Nxc3 6. dxc3 Nc6 7. Be3 Be7 8. Qd2 Bf5 9. Nd4 Nxd4 10. Bxd4 Bf6 11. Qe2+ Kf8 12. 0-0-0 a6 13. Qf3 Bxd4 14. Rxd4 Qg5+ 15. Kb1 Re8 16. Bd3 Bc8 17. Bc4 Re7 18. Re4 f5 19. Rxe7 Kxe7 1/2-1/2

[Event "Schleswig-Holstein-ch Seniors-A"]
[Site "Bad Segeberg"]
[Date "2018.03.26"]
[Round "3"]
[White "Busse, Gerd"]
[Black "Lehr, Thomas"]
[Result "1/2-1/2"]
[WhiteElo "1815"]
[BlackElo "1910"]
[PlyCount "37"]
[EventDate "2018.03.24"]
[EventType "swiss"]
[EventRounds "9"]
[EventCountry "GER"]
[SourceTitle "EXT 2023"]
[Source "ChessBase"]
[SourceDate "2022.10.05"]
[SourceVersion "1"]
[SourceVersionDate "2022.10.05"]
[SourceQuality "1"]

1. e4 d5 2. exd5 Qxd5 3. Nc3 Qd6 4. d4 Nf6 5. Bc4 a6 6. f3 b5 7. Bd3 Nbd7 8. Nge2 e6 9. Ne4 Qb6 10. a3 Nd5 11. b4 Bb7 12. 0-0 Ne5 13. Nc5 Nxd3 14. Qxd3 Bc6 15. Bd2 Be7 16. Nf4 Nxf4 17. Bxf4 Rd8 18. Qe3 0-0 19. c3 1/2-1/2

[Event "Schleswig-Holstein-ch Seniors-A"]
[Site "Bad Segeberg"]
[Date "2018.03.26"]
[Round "4"]
[White "Mentlein, Horst"]
[Black "Lehr, Thomas"]
[Result "1/2-1/2"]
[WhiteElo "2049"]
[BlackElo "1910"]
[PlyCount "60"]
[EventDate "2018.03.24"]
[EventType "swiss"]
[EventRounds "9"]
[EventCountry "GER"]
[SourceTitle "EXT 2023"]
[Source "ChessBase"]
[SourceDate "2022.10.05"]
[SourceVersion "1"]
[SourceVersionDate "2022.10.05"]
[SourceQuality "1"]

1. c4 e5 2. Nc3 Nc6 3. Nf3 Nf6 4. e3 d6 5. d4 Be7 6. d5 Nb8 7. e4 0-0 8. Be2 a5 9. h3 Na6 10. Be3 Ne8 11. g4 Nf6 12. Nd2 Nd7 13. Nf1 Bg5 14. Qd2 Bxe3 15. Qxe3 Ndc5 16. Ng3 g6 17. h4 Qe7 18. g5 f6 19. h5 f5 20. hxg6 f4 21. gxh7+ Kh8 22. Qf3 fxg3 23. Qxg3 Bd7 24. g6 Qg7 25. 0-0-0 Rf6 26. Rdg1 Raf8 27. Rh2 Rf4 28. f3 Be8 29. Rh5 R8f6 30. Rg5 Nd7 1/2-1/2

[Event "MVP-ch Seniors op 17th"]
[Site "Binz"]
[Date "2017.11.30"]
[Round "2.15"]
[White "Lehr, Thomas"]
[Black "Kotlar, Alfred"]
[Result "0-1"]
[WhiteElo "1934"]
[BlackElo "2047"]
[PlyCount "62"]
[EventDate "2017.11.29"]
[EventType "swiss"]
[EventRounds "9"]
[EventCountry "GER"]
[SourceTitle "EXT 2019"]
[Source "ChessBase"]
[SourceDate "2018.10.10"]
[SourceVersion "1"]
[SourceVersionDate "2018.10.10"]
[SourceQuality "1"]

1. e4 g6 2. d4 Bg7 3. Nc3 c5 4. Nf3 cxd4 5. Nxd4 a6 6. Bc4 d6 7. Bb3 Nf6 8. f3 Nbd7 9. Be3 Nc5 10. Qd2 Nxb3 11. Nxb3 Bd7 12. Bh6 0-0 13. 0-0-0 Qc7 14. g4 b5 15. Bxg7 Kxg7 16. Qd4 Qa7 17. h4 Qxd4 18. Rxd4 Be6 19. h5 h6 20. Nd5 Bxd5 21. exd5 Rac8 22. Kd2 Rc7 23. c3 Rfc8 24. hxg6 fxg6 25. Re1 g5 26. Re3 Kf7 27. Red3 Rc4 28. Ke3 Nd7 29. f4 gxf4+ 30. Kxf4 Ne5 31. Kf5 Nxd3 0-1

[Event "Schleswig Holstein-ch Seniors op 11th"]
[Site "Buesum"]
[Date "2017.09.15"]
[Round "8"]
[White "Lehr, Thomas"]
[Black "Lomer, Edmund"]
[Result "1-0"]
[WhiteElo "1922"]
[BlackElo "2065"]
[PlyCount "117"]
[EventDate "2017.09.08"]
[EventType "swiss"]
[EventRounds "9"]
[EventCountry "GER"]
[SourceTitle "EXT 2019"]
[Source "ChessBase"]
[SourceDate "2018.10.10"]
[SourceVersion "1"]
[SourceVersionDate "2018.10.10"]
[SourceQuality "1"]

1. e4 d5 2. exd5 Qxd5 3. Nc3 Qa5 4. d4 c6 5. Bc4 Nf6 6. Bd2 Qb6 7. Nf3 Bf5 8. Qe2 e6 9. 0-0-0 Be7 10. d5 cxd5 11. Bb5+ Nc6 12. Ne5 0-0 13. Bxc6 bxc6 14. g4 Bg6 15. h4 Qc5 16. Be3 Qd6 17. Nxg6 fxg6 18. h5 gxh5 19. g5 Ng4 20. Rxh5 Nxe3 21. fxe3 g6 22. Rh3 Rf7 23. Rg1 Raf8 24. Qa6 Qd7 25. Qd3 e5 26. Rgh1 Qe6 27. Rg3 Bd6 28. Rgh3 e4 29. Qa6 Bb4 30. Nd1 Bc5 31. c3 Bb6 32. Qe2 Rg7 33. Nf2 Rf5 34. Ng4 Rxg5 35. Nh6+ Kf8 36. Qf2+ Ke8 37. Rf1 Kd7 38. Qf8 Qe7 39. Qb8 Qd8 40. Qf4 Rh5 41. Qg4+ Kc7 42. Rxh5 Bxe3+ 43. Kb1 Qd6 44. Rh3 Bd2 45. Qe2 e3 46. Rhf3 Qe6 47. Ka1 Re7 48. Rf7 Kb6 49. Rxe7 Qxe7 50. Ng4 h5 51. Nh2 Qe4 52. Nf3 Qc2 53. Rd1 g5 54. Nxg5 c5 55. Nf3 d4 56. cxd4 cxd4 57. Nxd4 Qc5 58. Nb3 Qg5 59. Nxd2 1-0

[Event "Schleswig Holstein-ch Seniors op 11th"]
[Site "Buesum"]
[Date "2017.09.12"]
[Round "5"]
[White "Jung, Michael"]
[Black "Lehr, Thomas"]
[Result "0-1"]
[WhiteElo "1794"]
[BlackElo "1922"]
[PlyCount "52"]
[EventDate "2017.09.08"]
[EventType "swiss"]
[EventRounds "9"]
[EventCountry "GER"]
[SourceTitle "EXT 2019"]
[Source "ChessBase"]
[SourceDate "2018.10.10"]
[SourceVersion "1"]
[SourceVersionDate "2018.10.10"]
[SourceQuality "1"]

1. c4 Nf6 2. Nc3 d6 3. e4 e5 4. h3 c6 5. d3 Be7 6. Bg5 Nxe4 7. Bxe7 Nxc3 8. Bxd8 Nxd1 9. Bc7 Nxb2 10. Bxd6 f6 11. a4 Bf5 12. Kd2 Na6 13. Ra2 Nxc4+ 14. dxc4 0-0-0 15. Nf3 Rxd6+ 16. Kc3 Rhd8 17. Be2 Nc5 18. g4 Bd3 19. Kb4 b6 20. a5 Bxe2 21. Rxe2 Rd3 22. axb6 axb6 23. Rb1 Rxf3 24. Ra2 Kb7 25. h4 Rdd3 26. Rbb2 Na6+ 0-1

[Event "Schleswig Holstein-ch Seniors op 11th"]
[Site "Buesum"]
[Date "2017.09.08"]
[Round "1"]
[White "Klose, Hans Peter"]
[Black "Lehr, Thomas"]
[Result "0-1"]
[WhiteElo "1537"]
[BlackElo "1922"]
[PlyCount "36"]
[EventDate "2017.09.08"]
[EventType "swiss"]
[EventRounds "9"]
[EventCountry "GER"]
[SourceTitle "EXT 2019"]
[Source "ChessBase"]
[SourceDate "2018.10.10"]
[SourceVersion "1"]
[SourceVersionDate "2018.10.10"]
[SourceQuality "1"]

1. c4 Nf6 2. g3 e5 3. Bg2 Nc6 4. e3 d6 5. Ne2 Be6 6. d3 Qd7 7. 0-0 Bh3 8. Nbc3 h5 9. Nd5 h4 10. Nxf6+ gxf6 11. Nf4 exf4 12. exf4 Bxg2 13. Re1+ Be7 14. f5 h3 15. d4 Qxf5 16. Bf4 Rh4 17. Qd2 Rxf4 18. gxf4 Bf3 0-1

[Event "Schleswig Holstein-ch Senioren"]
[Site "Ratzeburg"]
[Date "2017.04.14"]
[Round "9.9"]
[White "Potschka, Dieter"]
[Black "Lehr, Thomas"]
[Result "0-1"]
[WhiteElo "1853"]
[BlackElo "1934"]
[PlyCount "56"]
[EventDate "2017.04.08"]
[EventType "swiss"]
[EventRounds "9"]
[EventCountry "GER"]
[SourceTitle "EXT 2022"]
[Source "ChessBase"]
[SourceDate "2021.10.06"]
[SourceVersion "1"]
[SourceVersionDate "2021.10.06"]
[SourceQuality "1"]

1. c4 Nf6 2. Nc3 d6 3. e4 e5 4. h3 Be7 5. d3 0-0 6. Be2 c6 7. Nf3 a6 8. Bd2 c5 9. a3 Nc6 10. Nd5 Nxd5 11. cxd5 Nd4 12. Nxd4 cxd4 13. a4 f5 14. b4 Bd7 15. Bf3 Bg5 16. Ra2 Rc8 17. 0-0 Bxd2 18. Qxd2 f4 19. Qe2 Rc3 20. Qd1 Qg5 21. Bg4 Bxg4 22. hxg4 f3 23. gxf3 Rf6 24. Kg2 Rh6 25. Rh1 Rxh1 26. Kxh1 Rc1 27. Ra1 Rxd1+ 28. Rxd1 Kf7 0-1

[Event "Schleswig Holstein-ch Senioren"]
[Site "Ratzeburg"]
[Date "2017.04.11"]
[Round "5.3"]
[White "Lehr, Thomas"]
[Black "Dittmann, Hans Adolf"]
[Result "0-1"]
[WhiteElo "1934"]
[BlackElo "2083"]
[PlyCount "43"]
[EventDate "2017.04.08"]
[EventType "swiss"]
[EventRounds "9"]
[EventCountry "GER"]
[SourceTitle "EXT 2022"]
[Source "ChessBase"]
[SourceDate "2021.10.06"]
[SourceVersion "1"]
[SourceVersionDate "2021.10.06"]
[SourceQuality "1"]

1. e4 c5 2. b3 Nc6 3. Bb2 e5 4. Bc4 d6 5. Nc3 Nf6 6. d3 g6 7. Nge2 Bg7 8. 0-0 0-0 9. f4 exf4 10. Nxf4 Ng4 11. Qd2 Ne3 12. Rfe1 Be5 13. Nfd5 Nxc4 14. bxc4 f5 15. exf5 Bxf5 16. Nd1 Bxb2 17. Nxb2 Qh4 18. Na4 Rae8 19. Nac3 Nd4 20. Ne2 Nxe2+ 21. Rxe2 Rxe2 22. Qxe2 0-1

[Event "MVP-ch Seniors op 16th"]
[Site "Binz"]
[Date "2016.11.30"]
[Round "8.42"]
[White "Wenske, Hardy"]
[Black "Lehr, Thomas"]
[Result "1/2-1/2"]
[WhiteElo "1819"]
[BlackElo "1957"]
[PlyCount "35"]
[EventDate "2016.11.23"]
[EventType "swiss"]
[EventRounds "9"]
[EventCountry "GER"]
[SourceTitle "EXT 2018"]
[Source "ChessBase"]
[SourceDate "2017.10.13"]
[SourceVersion "1"]
[SourceVersionDate "2017.10.13"]
[SourceQuality "1"]

1. Nf3 d5 2. d4 Nf6 3. e3 e6 4. Bd3 c5 5. c3 Nc6 6. Nbd2 cxd4 7. exd4 Be7 8. 0-0 0-0 9. Re1 Qc7 10. Ne5 Nxe5 11. dxe5 Nd7 12. Nf3 b6 13. Qe2 a5 14. Nd4 Nc5 15. Bd2 Bd7 16. Rac1 Nxd3 17. Qxd3 Rfc8 18. Qg3 1/2-1/2

[Event "MVP-ch Seniors op 16th"]
[Site "Binz"]
[Date "2016.11.26"]
[Round "4.15"]
[White "Schreiber, Kurt"]
[Black "Lehr, Thomas"]
[Result "1/2-1/2"]
[WhiteElo "2115"]
[BlackElo "1957"]
[PlyCount "40"]
[EventDate "2016.11.23"]
[EventType "swiss"]
[EventRounds "9"]
[EventCountry "GER"]
[SourceTitle "EXT 2018"]
[Source "ChessBase"]
[SourceDate "2017.10.13"]
[SourceVersion "1"]
[SourceVersionDate "2017.10.13"]
[SourceQuality "1"]

1. Nf3 Nf6 2. c4 d6 3. d4 c6 4. Nc3 Bg4 5. g3 Nbd7 6. Bg2 e5 7. 0-0 Be7 8. Be3 0-0 9. Qc2 Bxf3 10. exf3 Re8 11. Rad1 Qc7 12. b3 Rad8 13. Rd2 Nf8 14. Bh3 exd4 15. Bxd4 Ne6 16. Be3 d5 17. Rfd1 Bb4 18. Rd3 dxc4 19. bxc4 Nc5 20. Bxc5 Bxc5 1/2-1/2

[Event "Hamburg-ch Seniors 23rd"]
[Site "Hamburg"]
[Date "2016.11.10"]
[Round "9"]
[White "Lehr, Thomas"]
[Black "Kaiser, Guenter"]
[Result "1-0"]
[WhiteElo "1957"]
[BlackElo "1530"]
[PlyCount "53"]
[EventDate "2016.11.02"]
[EventType "swiss"]
[EventRounds "9"]
[EventCountry "GER"]
[SourceTitle "EXT 2019"]
[Source "ChessBase"]
[SourceDate "2018.10.10"]
[SourceVersion "1"]
[SourceVersionDate "2018.10.10"]
[SourceQuality "1"]

1. e4 Nf6 2. e5 Nd5 3. d4 d6 4. c4 Nb6 5. exd6 cxd6 6. Nc3 e6 7. Nf3 g6 8. Be3 Bg7 9. Qd2 0-0 10. Bh6 N6d7 11. Be2 b6 12. h4 Nf6 13. Bg5 Nbd7 14. h5 Bb7 15. hxg6 fxg6 16. 0-0 a6 17. Qe3 Qe7 18. Nd5 Bxd5 19. cxd5 e5 20. Rac1 Qe8 21. dxe5 Ng4 22. Qa3 Bxe5 23. Nxe5 Nh2 24. Nxd7 Qxe2 25. Nxf8 Qh5 26. Be7 Nxf1 27. Rxf1 1-0